000 00569pam a2200217 a 4500
001 3805368
005 20180215032929.0
008 850711s1985 nyua b 001 0 eng
010 _a 85016430
020 _a0387961550 :
_c$42.00 (est.)
040 _aDLC
_cDLC
_dDLC
041 _aeng
080 _a304.60151
082 0 0 _a304.60151 KEY
_219
100 1 _a36
101 _aMAT
245 1 0 _aApplied mathematical demography /
_cNathan Keyfitz.
504 _aBibliography: p. 419-434.
906 _a7
_bcbc
_corignew
_d1
_eocip
_f19
_gy-gencatlg
942 _2ddc
_cBK
999 _c42565
_d42565